Kongzi zhuan /
Disimpan dalam:
| Pengarang Utama: | |
|---|---|
| Format: | Buku |
| Bahasa: | Chinese |
| Diterbitkan: |
[n.p.] :
Shang wu yin shu guan,
Min guo 35 [1946]
|
| Subjek-subjek: | |
| Penanda-penanda: |
Tambah Penanda
Tiada Penanda, Jadilah orang pertama menanda rekod ini!
|
| LEADER | 00684cam a2200217ui 4500 | ||
|---|---|---|---|
| 001 | 007724572-5 | ||
| 005 | 20024617112705.0 | ||
| 008 | 980302s1946 xx 000 0 chi d | ||
| 035 | 0 | |a ocm38531282 | |
| 040 | |a *YNH* |c *YNH* |d CStRLIN | ||
| 100 | 1 | |6 880-01 |a Wang, Yuqing. | |
| 245 | 1 | 0 | |6 880-02 |a Kongzi zhuan / |c Wang Yuqing zhu. |
| 260 | |6 880-03 |a [n.p.] : |b Shang wu yin shu guan, |c Min guo 35 [1946] | ||
| 300 | |a 2, 245 p. : |b tables ; |c 18 cm. | ||
| 600 | 0 | 0 | |a Confucius. |
| 650 | 0 | |a Confucius and Confucianism. | |
| 880 | 1 | |6 100-01 |a 王禹卿. | |
| 880 | 1 | 0 | |6 245-02 |a 孔子傳 / |c 王禹卿著. |
| 880 | |6 260-03 |a [n.p.] : |b 商務印書館, |c 民國35 [1946] | ||
| 988 | |a 20021121 | ||
| 906 | |0 MH | ||


